[Event "Eliminacje strefowe do OOM OP/SL - C13"]
[Site "OW Sudety Pokrzywna"]
[Date "2023.??.??"]
[Round "1.1"]
[White "Pycinski, Wladyslaw"]
[Black "Burszczan, Piotr"]
[Result "1-0"]
[BlackElo "1248"]
[EventDate "2023.??.??"]
[PlyCount "121"]
[WhiteElo "2091"]

1. e4 e5 2. Nf3 Nc6 3. d4 exd4 4. Nxd4 Bc5 5. Nb3 Bb6 6. Nc3 d6 7. Qe2 Be6 8.
Be3 h6 9. O-O-O Qe7 10. Kb1 Nf6 11. f3 O-O 12. Bc1 Bxb3 13. axb3 Nd4 14. Qc4
Ne6 15. g4 Nd7 16. Qe2 Nd4 17. Qg2 Qf6 18. f4 Qh4 19. Nd5 Nc6 20. Bd2 Qf2 21.
Qxf2 Bxf2 22. Nxc7 Rac8 23. Nd5 Rfe8 24. Bg2 Nd4 25. Rhf1 Bh4 26. Nc3 Nf6 27.
h3 Nd7 28. Be3 Nc6 29. Rxd6 Nb6 30. Bc1 Re7 31. Rfd1 Rce8 32. Nd5 Re6 33. Nxb6
axb6 34. Rxe6 Rxe6 35. Rd7 Re7 36. Rxe7 Bxe7 37. c3 f6 38. b4 Kf7 39. Be3 Bd8
40. Kc2 Ke6 41. Bf1 g5 42. Bc4+ Kd6 43. Bd5 Bc7 44. Bxc6 bxc6 45. Kd3 Ke6 46.
f5+ Ke7 47. c4 b5 48. b3 Be5 49. Bd4 Bc7 50. Bc3 Bd6 51. e5 fxe5 52. Ke4 bxc4
53. bxc4 Kf6 54. b5 cxb5 55. cxb5 Bc7 56. Bb2 Bb8 57. b6 Bd6 58. Kd5 Bb8 59.
Bc3 h5 60. Bb2 hxg4 61. hxg4  1-0

[Event "Eliminacje strefowe do OOM OP/SL - C13"]
[Site "OW Sudety Pokrzywna"]
[Date "2023.??.??"]
[Round "1.2"]
[White "Swoboda, Wojciech"]
[Black "Brzezina, Piotr"]
[Result "0-1"]
[BlackElo "2038"]
[EventDate "2023.??.??"]
[PlyCount "116"]
[WhiteElo "1239"]

1. e4 c5 2. c3 Nf6 3. e5 Nd5 4. d4 cxd4 5. cxd4 d6 6. Nf3 Nc6 7. Bc4 Nb6 8. Bb5
dxe5 9. Nxe5 Bd7 10. Nxc6 Bxc6 11. Bxc6+ bxc6 12. O-O e6 13. Nc3 Be7 14. Be3
O-O 15. Qf3 Rc8 16. Rfd1 Qd7 17. Ne4 Qd5 18. Nd2 Rfd8 19. Rac1 Bb4 20. Qxd5
cxd5 21. Nf3 Nc4 22. a3 Be7 23. Rb1 Rb8 24. Ne5 Rdc8 25. Rdc1 f6 26. Nxc4 Rxc4
27. Rxc4 dxc4 28. Bd2 Bxa3 29. Bc3 Rb3 30. g3 h5 31. Kf1 Bxb2 32. Rxb2 Rxc3 33.
Rd2 Rd3 34. Ra2 Rxd4 35. Rxa7 h4 36. Rc7 Kh8 37. Ke2 e5 38. Ke3 Kh7 39. f4 Rd3+
40. Ke2 hxg3 41. hxg3 Rxg3 42. fxe5 fxe5 43. Rxc4 Kg6 44. Rc8 Kf5 45. Rf8+ Ke4
46. Kd2 Rg2+ 47. Kc3 g5 48. Rf1 g4 49. Re1+ Kf4 50. Kd3 Rg3+ 51. Kc4 e4 52.
Rf1+ Rf3 53. Re1 g3 54. Kd5 g2 55. Rxe4+ Kg3 56. Re5 Kf2 57. Rg5 Rg3 58. Rxg3
Kxg3  0-1

[Event "Eliminacje strefowe do OOM OP/SL - C13"]
[Site "OW Sudety Pokrzywna"]
[Date "2023.??.??"]
[Round "1.3"]
[White "Niesyt, Michal"]
[Black "Bodzynski, Daniel"]
[Result "1-0"]
[BlackElo "1228"]
[EventDate "2023.??.??"]
[PlyCount "62"]
[WhiteElo "1706"]

1. e4 e6 2. d4 d5 3. Nd2 c5 4. exd5 exd5 5. Bb5+ Nc6 6. dxc5 Bxc5 7. Qe2+ Qe7 8.
Qxe7+ Nxe7 9. Nb3 Bb6 10. Nf3 O-O 11. c3 a6 12. Be2 Ng6 13. O-O Re8 14. Re1 h6
15. Bd2 Bd7 16. Rad1 Rad8 17. Bc1 Be6 18. Nfd4 Nxd4 19. Nxd4 Bxd4 20. Rxd4 Re7
21. Bf3 Red7 22. g3 b5 23. Red1 Ne5 24. Kg2 Nxf3 25. Kxf3 a5 26. Kg2 Bg4 27.
Re1 Kf8 28. h3 Bf5 29. g4 Bg6 30. Re3 Kg8 31. Rd1 f6  1-0

[Event "Eliminacje strefowe do OOM OP/SL - C13"]
[Site "OW Sudety Pokrzywna"]
[Date "2023.??.??"]
[Round "1.4"]
[White "Kunze, Krystian"]
[Black "Smolinski, Wojciech"]
[Result "0-1"]
[BlackElo "1597"]
[EventDate "2023.??.??"]
[PlyCount "92"]
[WhiteElo "1213"]

1. d4 Nf6 2. Bf4 d5 3. e3 c5 4. c3 Nc6 5. Bd3 Qb6 6. Qc2 c4 7. Be2 Bf5 8. Qc1 e6
9. Nf3 Be7 10. Nbd2 O-O 11. O-O Qd8 12. b3 b5 13. Nh4 Ne4 14. Nxf5 exf5 15.
Nxe4 fxe4 16. Qc2 Bd6 17. Bxd6 Qxd6 18. bxc4 bxc4 19. f3 f5 20. fxe4 fxe4 21.
Rxf8+ Rxf8 22. Rf1 Rxf1+ 23. Bxf1 Qa3 24. Be2 Kf7 25. Bg4 Ke7 26. Bf5 g6 27.
Bh3 a6 28. Kf2 Na7 29. Ke2 Nb5 30. Kd2 Qd6 31. g3 Qf6 32. Ke1 Qf3 33. Qd2 Qh1+
34. Bf1 Qg1 35. a4 Nc7 36. Qf2 Qxf2+ 37. Kxf2 Kd6 38. Bh3 Kc6 39. Bc8 Ne8 40.
Bxa6 Nd6 41. Ke2 Kb6 42. Bb5 Nxb5 43. axb5 Kxb5 44. Kd2 Ka4 45. Kc2 Ka3 46. g4
g5  0-1

[Event "Eliminacje strefowe do OOM OP/SL - C13"]
[Site "OW Sudety Pokrzywna"]
[Date "2023.??.??"]
[Round "1.7"]
[White "Oles, Mateusz"]
[Black "Myslowski, Tomasz"]
[Result "1-0"]
[BlackElo "1084"]
[EventDate "2023.??.??"]
[PlyCount "101"]
[WhiteElo "1502"]

1. e4 e6 2. d4 d5 3. e5 c5 4. c3 Nc6 5. Nf3 Qb6 6. a3 Nh6 7. Bd3 Bd7 8. O-O cxd4
9. b4 dxc3 10. Nxc3 Qc7 11. Nb5 Qb8 12. Bf4 Ng4 13. h3 a6 14. Nd6+ Bxd6 15.
exd6 Nf6 16. Qd2 Nh5 17. Bh2 O-O 18. a4 f6 19. b5 Nd8 20. g4 Nf7 21. gxh5 e5
22. Be2 Bxh3 23. Rfd1 Qxd6 24. Qxd5 Qxd5 25. Rxd5 Be6 26. Rd2 Bg4 27. bxa6 bxa6
28. Nd4 Bxe2 29. Nxe2 Ng5 30. Rd7 Rfd8 31. Rad1 Ne6 32. Nc3 Nd4 33. Rxd8+ Rxd8
34. Kg2 Kf7 35. Ne4 Ke7 36. Rb1 Ne6 37. f3 Rc8 38. Rb7+ Rc7 39. Rb6 Ra7 40. Kh3
g5 41. Kg4 h6 42. Bg1 Rc7 43. Kf5 Nd4+ 44. Bxd4 exd4 45. Re6+ Kf7 46. Rxf6+ Kg7
47. Rg6+ Kf7 48. Rxh6 Kf8 49. Rxa6 d3 50. h6 Re7 51. Ra8+  1-0

[Event "Eliminacje strefowe do OOM OP/SL - C13"]
[Site "OW Sudety Pokrzywna"]
[Date "2023.??.??"]
[Round "1.8"]
[White "Cichocki, Jakub"]
[Black "Pawleta, Mateusz"]
[Result "0-1"]
[BlackElo "1433"]
[EventDate "2023.??.??"]
[PlyCount "52"]
[WhiteElo "1062"]

1. e4 c5 2. Nf3 e6 3. d4 cxd4 4. Nxd4 a6 5. Nc3 b5 6. Bd3 Bb7 7. Be3 Nf6 8. f3
Nc6 9. Nxc6 Bxc6 10. Bd4 Be7 11. O-O O-O 12. e5 Nd5 13. Nxd5 Bxd5 14. c3 f5 15.
exf6 Bxf6 16. Qc2 Bxd4+ 17. cxd4 Qh4 18. Qf2 Qf4 19. Rfe1 Rac8 20. Qe3 Qxe3+
21. Rxe3 Rf4 22. Rd1 Bxa2 23. Be4 d5 24. Bd3 Rc6 25. Rde1 Rxd4 26. Rd1 g6  0-1

[Event "Eliminacje strefowe do OOM OP/SL - C13"]
[Site "OW Sudety Pokrzywna"]
[Date "2023.??.??"]
[Round "1.5"]
[White "Seemann, Adam"]
[Black "Biela, Jan"]
[Result "1-0"]
[BlackElo "1158"]
[EventDate "2023.??.??"]
[PlyCount "79"]
[WhiteElo "1546"]

1. e4 c5 2. Nf3 g6 3. d4 cxd4 4. Nxd4 Nc6 5. Nc3 Bg7 6. Be3 Nf6 7. Bc4 O-O 8.
Bb3 Re8 9. f3 e6 10. Qd2 d5 11. O-O-O Nxd4 12. Bxd4 e5 13. Bf2 d4 14. Nd5 Be6
15. Nxf6+ Qxf6 16. Bxe6 Rxe6 17. Kb1 Rc6 18. h4 h5 19. Rh3 Rac8 20. Rc1 Qd6 21.
g4 Qe6 22. Rg3 Ra6 23. a3 Qb6 24. gxh5 Rc3 25. Qxc3 dxc3 26. Bxb6 cxb2 27. Kxb2
Rxb6+ 28. Ka2 Bh6 29. Rcg1 Be3 30. R1g2 Bd4 31. c3 Bxc3 32. hxg6 fxg6 33. Rxg6+
Rxg6 34. Rxg6+ Kh7 35. Re6 Bd4 36. Kb3 b5 37. Kb4 Bb2 38. Kxb5 Bxa3 39. Rxe5
Kg7 40. Rf5  1-0

[Event "Eliminacje strefowe do OOM OP/SL - C13"]
[Site "OW Sudety Pokrzywna"]
[Date "2023.??.??"]
[Round "1.6"]
[White "Swiderski, Piotr"]
[Black "Staniczek, Kacper"]
[Result "0-1"]
[BlackElo "1518"]
[EventDate "2023.??.??"]
[PlyCount "106"]
[WhiteElo "1096"]

1. e4 e5 2. Nf3 Nc6 3. Bc4 Nf6 4. d3 Bc5 5. c3 a6 6. Bb3 Ba7 7. O-O d6 8. Nbd2
O-O 9. Re1 Ne7 10. Nf1 Ng6 11. Ng3 c6 12. Bc2 Re8 13. d4 a5 14. dxe5 Ng4 15.
Re2 dxe5 16. Qxd8 Rxd8 17. h3 Nf6 18. Be3 Bxe3 19. Rxe3 Be6 20. b3 h6 21. Rd1
Rxd1+ 22. Bxd1 a4 23. Rd3 Kf8 24. Rd2 axb3 25. axb3 Nd7 26. Nf5 Nc5 27. Nd6
Bxb3 28. Bxb3 Nxb3 29. Rb2 Nc5 30. Nxb7 Nxe4 31. c4 Rb8 32. Re2 Rxb7 33. Rxe4
f6 34. Nh4 Nf4 35. Nf5 h5 36. h4 Nd3 37. Nd6 Rb1+ 38. Kh2 Nxf2 39. Re2 Ng4+ 40.
Kh3 Rb3+ 41. g3 g6 42. Ne4 Rb1 43. Kg2 f5 44. Ng5 Rc1 45. Rd2 Ke7 46. Re2 Rxc4
47. Nf3 Rc2 48. Rxc2 Ne3+ 49. Kf2 Nxc2 50. Ke2 Nd4+ 51. Nxd4 exd4 52. Kd3 c5
53. Kc4 Ke6  0-1

[Event "Eliminacje strefowe do OOM OP/SL - C13"]
[Site "OW Sudety Pokrzywna"]
[Date "2023.??.??"]
[Round "2.1"]
[White "Staniczek, Kacper"]
[Black "Pycinski, Wladyslaw"]
[Result "1/2-1/2"]
[BlackElo "2091"]
[EventDate "2023.??.??"]
[PlyCount "63"]
[WhiteElo "1518"]

1. e4 c5 2. Nf3 d6 3. d4 cxd4 4. Nxd4 Nf6 5. Nc3 a6 6. Be2 e5 7. Nb3 Be7 8. Bg5
O-O 9. O-O Be6 10. Bxf6 Bxf6 11. Nd5 Nd7 12. c3 Qb8 13. Qd3 Bd8 14. Rad1 b5 15.
Nb4 Bc4 16. Qc2 a5 17. Nc6 Qc7 18. Nxd8 Rfxd8 19. Rfe1 a4 20. Nd2 Bxe2 21. Rxe2
Nb6 22. Nf1 a3 23. b3 Rac8 24. Red2 g6 25. Rd3 Qc6 26. Qe2 Rd7 27. Qg4 Rcd8 28.
Ne3 Qb7 29. Nd5 Nxd5 30. Rxd5 Qc6 31. Qf3 Rc8 32. Qd3  1/2-1/2

[Event "Eliminacje strefowe do OOM OP/SL - C13"]
[Site "OW Sudety Pokrzywna"]
[Date "2023.??.??"]
[Round "2.2"]
[White "Brzezina, Piotr"]
[Black "Seemann, Adam"]
[Result "1-0"]
[BlackElo "1546"]
[EventDate "2023.??.??"]
[PlyCount "49"]
[WhiteElo "2038"]

1. d4 Nf6 2. c4 g6 3. g3 Bg7 4. Bg2 O-O 5. Nc3 d6 6. Nf3 Nbd7 7. O-O e5 8. e4
exd4 9. Nxd4 Nc5 10. h3 Re8 11. Re1 Ne6 12. Be3 h5 13. Qc2 Nh7 14. Rad1 h4 15.
g4 Nhg5 16. Nde2 Nf8 17. f4 Nge6 18. e5 g5 19. f5 Nf4 20. Nxf4 gxf4 21. Bxf4
Bd7 22. exd6 Rxe1+ 23. Rxe1 cxd6 24. Nd5 Rc8 25. Ne7+  1-0

[Event "Eliminacje strefowe do OOM OP/SL - C13"]
[Site "OW Sudety Pokrzywna"]
[Date "2023.??.??"]
[Round "2.3"]
[White "Pawleta, Mateusz"]
[Black "Niesyt, Michal"]
[Result "1-0"]
[BlackElo "1706"]
[EventDate "2023.??.??"]
[PlyCount "89"]
[WhiteElo "1433"]

1. d4 d5 2. c4 e6 3. Nc3 c5 4. cxd5 exd5 5. Nf3 Nc6 6. Bg5 Nf6 7. e3 cxd4 8.
Nxd4 Bc5 9. Bb5 Bxd4 10. Qxd4 O-O 11. Qh4 Ne5 12. Bxf6 gxf6 13. Rd1 Be6 14. O-O
f5 15. Qg3+ Ng6 16. Rd4 Qa5 17. h4 h5 18. Be2 Kh7 19. Qg5 Qd8 20. Qxd8 Rfxd8
21. Bxh5 Ne7 22. Bf3 Rd7 23. Rfd1 Rad8 24. R4d2 Kg7 25. g3 Kf6 26. Ne2 Nc6 27.
Nf4 Ne7 28. a3 a6 29. b4 Ke5 30. Nd3+ Kf6 31. Nc5 Rc7 32. e4 fxe4 33. Bxe4 Ra8
34. Bd3 a5 35. Rc2 axb4 36. axb4 Ra3 37. Bf1 Rc8 38. Rcc1 Rca8 39. Rd4 b6 40.
Rf4+ Ke5 41. Re1+ Kd6 42. Nxe6 fxe6 43. Rf6 Re8 44. Rfxe6+ Kd7 45. Bb5+  1-0

[Event "Eliminacje strefowe do OOM OP/SL - C13"]
[Site "OW Sudety Pokrzywna"]
[Date "2023.??.??"]
[Round "2.4"]
[White "Smolinski, Wojciech"]
[Black "Oles, Mateusz"]
[Result "1/2-1/2"]
[BlackElo "1502"]
[EventDate "2023.??.??"]
[PlyCount "61"]
[WhiteElo "1597"]

1. e4 c5 2. Nf3 d6 3. Bb5+ Bd7 4. Bxd7+ Qxd7 5. c4 Nf6 6. Nc3 Nc6 7. d4 cxd4 8.
Nxd4 g6 9. f3 Nxd4 10. Qxd4 Bg7 11. Be3 O-O 12. Qd3 Qc6 13. Nd5 Rfe8 14. Nxf6+
Bxf6 15. Bd4 Bxd4 16. Qxd4 Rec8 17. b3 Qc5 18. Qxc5 Rxc5 19. Kd2 Kg7 20. Ke3
Rac8 21. a4 a6 22. Rhd1 Kf6 23. Rd5 b6 24. a5 Rb8 25. axb6 Rxb6 26. Rxc5 dxc5
27. Ra3 Ke6 28. Kd3 Kd6 29. Kc3 Kc7 30. Ra1 f6 31. Rd1  1/2-1/2

[Event "Eliminacje strefowe do OOM OP/SL - C13"]
[Site "OW Sudety Pokrzywna"]
[Date "2023.??.??"]
[Round "2.5"]
[White "Burszczan, Piotr"]
[Black "Kordowski, Lukasz"]
[Result "1/2-1/2"]
[BlackElo "1342"]
[EventDate "2023.??.??"]
[PlyCount "86"]
[WhiteElo "1248"]

1. d4 Nf6 2. c4 g6 3. g3 Bg7 4. Bg2 O-O 5. Nf3 d6 6. O-O Nbd7 7. Nbd2 e5 8. Qc2
Qe7 9. Rd1 a5 10. dxe5 dxe5 11. b3 Nc5 12. Ba3 Bf5 13. e4 Bd7 14. Qc3 Nh5 15.
Qe3 b6 16. Ne1 Rfd8 17. Nd3 Bf8 18. Nxc5 bxc5 19. Nf3 a4 20. Rd5 Be6 21. Bxc5
Qf6 22. Rxd8 Qxd8 23. Bxf8 Kxf8 24. Qc5+ Kg8 25. Qxe5 axb3 26. axb3 Rxa1+ 27.
Qxa1 Qd3 28. Nd4 Bd7 29. h4 c5 30. Nf3 Qxb3 31. Qa7 Be6 32. Qxc5 Qxc4 33. Qxc4
Bxc4 34. Nd2 Bd3 35. g4 Nf4 36. Bf3 Be2 37. Bxe2 Nxe2+ 38. Kf1 Nd4 39. Nc4 Nc2
40. Kg2 Ne1+ 41. Kg3 Kf8 42. f4 Ke7 43. Ne3 f6  1/2-1/2

[Event "Eliminacje strefowe do OOM OP/SL - C13"]
[Site "OW Sudety Pokrzywna"]
[Date "2023.??.??"]
[Round "2.6"]
[White "Myslowski, Tomasz"]
[Black "Swoboda, Wojciech"]
[Result "0-1"]
[BlackElo "1239"]
[EventDate "2023.??.??"]
[PlyCount "62"]
[WhiteElo "1084"]

1. e4 c5 2. Nc3 Nc6 3. f4 g6 4. Nf3 Bg7 5. Bb5 Nd4 6. O-O e6 7. Nxd4 Bxd4+ 8.
Kh1 Ne7 9. Ne2 Bg7 10. c3 a6 11. Ba4 b5 12. Bc2 Nc6 13. d3 Bb7 14. Qe1 h5 15.
Qg3 h4 16. Qg4 Qe7 17. Bd2 O-O-O 18. Rae1 f5 19. Qf3 Bf6 20. Qf2 Rdg8 21. a4 g5
22. exf5 g4 23. Qe3 h3 24. Rg1 hxg2+ 25. Rxg2 Rh3 26. Rg3 Nd4+ 27. Kg1 Nxc2 28.
Qf2 Nxe1 29. Bxe1 Bh4 30. f6 Qd6 31. f7 Rf8  0-1

[Event "Eliminacje strefowe do OOM OP/SL - C13"]
[Site "OW Sudety Pokrzywna"]
[Date "2023.??.??"]
[Round "2.7"]
[White "Bodzynski, Daniel"]
[Black "Swiderski, Piotr"]
[Result "1-0"]
[BlackElo "1096"]
[EventDate "2023.??.??"]
[PlyCount "43"]
[WhiteElo "1228"]

1. e4 c5 2. Nf3 Nc6 3. Bb5 a6 4. Bxc6 bxc6 5. O-O g6 6. c3 Bg7 7. d4 cxd4 8.
cxd4 d5 9. exd5 cxd5 10. Nc3 Nf6 11. Bf4 O-O 12. h3 Bf5 13. Qb3 Rc8 14. Rfd1 e6
15. g4 Nxg4 16. hxg4 Bxg4 17. Kg2 Qf6 18. Ne2 Qe7 19. Rdc1 Bf5 20. Ng3 Bg4 21.
Nh2 Be2 22. Nxe2  1-0

[Event "Eliminacje strefowe do OOM OP/SL - C13"]
[Site "OW Sudety Pokrzywna"]
[Date "2023.??.??"]
[Round "2.9"]
[White "Biela, Jan"]
[Black "Cichocki, Jakub"]
[Result "1/2-1/2"]
[BlackElo "1062"]
[EventDate "2023.??.??"]
[PlyCount "60"]
[WhiteElo "1158"]

1. e4 e5 2. Nf3 Nc6 3. Bc4 Bc5 4. c3 Nf6 5. d4 exd4 6. cxd4 Bb4+ 7. Nc3 O-O 8.
e5 Ne4 9. Qd3 Nxc3 10. bxc3 Be7 11. Bb3 d6 12. Bc2 g6 13. exd6 Bxd6 14. h4 Bf5
15. Qd1 Re8+ 16. Be3 Bxc2 17. Qxc2 Bf4 18. Qd2 Qe7 19. Ke2 Na5 20. Qd3 Bxe3 21.
fxe3 f6 22. Rhe1 Qe6 23. Kf2 Qc4 24. Qxc4+ Nxc4 25. Rab1 b6 26. Re2 Re4 27. g3
Rae8 28. Rbe1 Kf7 29. Nd2 Nxd2 30. Rxd2 c6  1/2-1/2

[Event "Eliminacje strefowe do OOM OP/SL - C13"]
[Site "OW Sudety Pokrzywna"]
[Date "2023.??.??"]
[Round "3.1"]
[White "Pawleta, Mateusz"]
[Black "Brzezina, Piotr"]
[Result "0-1"]
[BlackElo "2038"]
[EventDate "2023.??.??"]
[PlyCount "112"]
[WhiteElo "1433"]

1. d4 Nf6 2. Nf3 e6 3. g3 b6 4. Bg2 Bb7 5. O-O Be7 6. c4 O-O 7. Nc3 Ne4 8. Bd2
f5 9. Ne5 d6 10. Nd3 Bf6 11. Be3 Nxc3 12. bxc3 Bxg2 13. Kxg2 c5 14. Rc1 Qe7 15.
Qd2 Nc6 16. d5 exd5 17. cxd5 Qe4+ 18. f3 Qxd5 19. c4 Qf7 20. Nf4 Rad8 21. Nd5
Rfe8 22. Rfe1 Ne7 23. Nxe7+ Qxe7 24. Bf2 Qf7 25. Qd3 d5 26. cxd5 Rxd5 27. Qc2
Red8 28. a4 Qe6 29. Qc4 Qd6 30. Qa6 Qd7 31. Qc4 Qf7 32. Qb5 Rd2 33. Rb1 Qa2 34.
Be3 Rb2 35. Rxb2 Qxb2 36. Qc4+ Kh8 37. Kf2 Bd4 38. Bxd4 Qxd4+ 39. Qxd4 Rxd4 40.
Ra1 g6 41. Ra2 Kg7 42. e3 Rd7 43. Ke2 Kf6 44. Rc2 Ke5 45. a5 Kd5 46. axb6 axb6
47. Kd3 b5 48. Rb2 c4+ 49. Kc3 Kc5 50. Re2 b4+ 51. Kc2 b3+ 52. Kc3 Rd3+ 53. Kb2
Kb4 54. e4 c3+ 55. Kc1 b2+ 56. Kc2 Rd1  0-1

[Event "Eliminacje strefowe do OOM OP/SL - C13"]
[Site "OW Sudety Pokrzywna"]
[Date "2023.??.??"]
[Round "3.2"]
[White "Pycinski, Wladyslaw"]
[Black "Smolinski, Wojciech"]
[Result "1-0"]
[BlackElo "1597"]
[EventDate "2023.??.??"]
[PlyCount "57"]
[WhiteElo "2091"]

1. e4 c5 2. Nf3 d6 3. Bb5+ Nc6 4. Bxc6+ bxc6 5. O-O e5 6. Re1 Nf6 7. h3 Be7 8.
c3 O-O 9. d4 cxd4 10. cxd4 exd4 11. Qxd4 d5 12. exd5 Nxd5 13. Qa4 Qd6 14. Nbd2
Nf6 15. Nc4 Qb4 16. Qxb4 Bxb4 17. Bd2 Bxd2 18. Nfxd2 Be6 19. Rac1 Bd5 20. Re7
Rfe8 21. Rxe8+ Rxe8 22. Kf1 Nd7 23. b3 Nc5 24. Rc3 Ne6 25. Ne3 Rd8 26. Ndc4 Nf4
27. Ne5 Bxg2+ 28. Nxg2 Rd1+ 29. Ne1  1-0

[Event "Eliminacje strefowe do OOM OP/SL - C13"]
[Site "OW Sudety Pokrzywna"]
[Date "2023.??.??"]
[Round "3.3"]
[White "Kordowski, Lukasz"]
[Black "Staniczek, Kacper"]
[Result "0-1"]
[BlackElo "1518"]
[EventDate "2023.??.??"]
[PlyCount "55"]
[WhiteElo "1342"]

1. d4 d5 2. c4 Nc6 3. e3 e5 4. dxe5 dxc4 5. Qxd8+ Kxd8 6. Bxc4 Nxe5 7. Be2 Be6
8. Bd2 Nf6 9. Nc3 c6 10. O-O-O Kc7 11. f3 Nc4 12. Bxc4 Bxc4 13. e4 Bd6 14. f4
Bb4 15. Re1 Rhe8 16. e5 Bxc3 17. bxc3 Nd5 18. Kb2 a5 19. Nf3 h6 20. a3 b5 21.
h3 b4 22. cxb4 axb4 23. Bxb4 Nxb4 24. axb4 Ra2+ 25. Kc3 Bd5 26. Nd2 Bxg2 27.
Rhg1 Bxh3 28. Rxg7 { Nieczytelny zapis}   0-1

[Event "Eliminacje strefowe do OOM OP/SL - C13"]
[Site "OW Sudety Pokrzywna"]
[Date "2023.??.??"]
[Round "3.4"]
[White "Oles, Mateusz"]
[Black "Niesyt, Michal"]
[Result "1-0"]
[BlackElo "1706"]
[EventDate "2023.??.??"]
[PlyCount "52"]
[WhiteElo "1502"]

1. e4 c5 2. Nf3 d6 3. d4 cxd4 4. Nxd4 Nf6 5. Nc3 g6 6. Be3 Bg7 7. f3 Nc6 8. Qd2
O-O 9. O-O-O d5 10. exd5 Nxd5 11. Nxc6 bxc6 12. Bd4 e5 13. Bc5 Be6 14. Ne4 Re8
15. h4 h5 16. g4 Bf8 17. Bc4 Bxc5 18. Nxc5 Qf6 19. Nxe6 fxe6 20. Qe2 Qf4+ 21.
Rd2 Rad8 22. Qe4 Qxe4 23. fxe4 Nf4 24. Rhd1 Rxd2 25. Rxd2 Re7 26. gxh5 gxh5 {
Nieczytelny zapis}   1-0

[Event "Eliminacje strefowe do OOM OP/SL - C13"]
[Site "OW Sudety Pokrzywna"]
[Date "2023.??.??"]
[Round "3.5"]
[White "Seemann, Adam"]
[Black "Bodzynski, Daniel"]
[Result "1/2-1/2"]
[BlackElo "1228"]
[EventDate "2023.??.??"]
[PlyCount "155"]
[WhiteElo "1546"]

1. e4 e6 2. d4 d5 3. Nd2 c5 4. exd5 exd5 5. Ngf3 Nc6 6. Bb5 Bd6 7. dxc5 Bxc5 8.
O-O Ne7 9. Nb3 Bd6 10. Re1 O-O 11. Bd3 h6 12. h3 Re8 13. c3 Be6 14. Nbd4 Nxd4
15. Nxd4 Bd7 16. Be3 a6 17. Qd2 Ng6 18. Nf5 Qf6 19. Nxd6 Qxd6 20. Rad1 Bc6 21.
Bc2 Ne5 22. Bf4 Qf6 23. Rxe5 Rxe5 24. Bxe5 Qxe5 25. Bb3 Rd8 26. Qd4 Qxd4 27.
Rxd4 Rd7 28. f3 g6 29. Kf2 Kg7 30. g3 Kf6 31. f4 Kf5 32. Bd1 Kf6 33. Bb3 Kf5
34. Kf3 Kf6 35. g4 Kg7 36. Kf2 Kf6 37. h4 Kg7 38. g5 hxg5 39. fxg5 f6 40. c4
dxc4 41. Rxd7+ Bxd7 42. Bxc4 fxg5 43. hxg5 Bf5 44. Ke3 Kf8 45. Kd4 Ke7 46. Ke5
Bd7 47. b4 Bf5 48. Bd5 b6 49. a3 a5 50. bxa5 bxa5 51. Bc6 Bc2 52. Bd5 Bf5 53.
Bc4 Bc2 54. Bd5 Bf5 55. Bb3 Bd3 56. Kd5 Kd7 57. Kc5 Kc7 58. Bf7 Bc2 59. Kb5 a4
60. Kc5 Kd7 61. Bc4 Ke7 62. Kd5 Bb3 63. Kd4 Bxc4 64. Kxc4 Ke6 65. Kb4 Kf5 66.
Kxa4 Kxg5 67. Kb4 Kf5 68. a4 g5 69. a5 g4 70. a6 g3 71. a7 g2 72. a8=Q g1=Q 73.
Qf8+ Ke5 74. Qe7+ Kf5 75. Qf7+ Ke5 76. Qe7+ Kf5 77. Qc5+ Qxc5+ 78. Kxc5 
1/2-1/2

[Event "Eliminacje strefowe do OOM OP/SL - C13"]
[Site "OW Sudety Pokrzywna"]
[Date "2023.??.??"]
[Round "3.6"]
[White "Swoboda, Wojciech"]
[Black "Kunze, Krystian"]
[Result "1-0"]
[BlackElo "1213"]
[EventDate "2023.??.??"]
[PlyCount "33"]
[WhiteElo "1239"]

1. e4 e6 2. d4 d5 3. e5 c5 4. c3 Nc6 5. Nf3 Qb6 6. a3 cxd4 7. cxd4 Nge7 8. b4
Nf5 9. Be3 Nxe3 10. fxe3 Be7 11. Bd3 h6 12. Nc3 Bd7 13. Rc1 f5 14. exf6 Bxf6
15. Na4 Qd8 16. O-O Ne7 17. Ne5 { Nieczytelny zapis}   1-0

[Event "Eliminacje strefowe do OOM OP/SL - C13"]
[Site "OW Sudety Pokrzywna"]
[Date "2023.??.??"]
[Round "3.7"]
[White "Cichocki, Jakub"]
[Black "Burszczan, Piotr"]
[Result "0-1"]
[BlackElo "1248"]
[EventDate "2023.??.??"]
[PlyCount "48"]
[WhiteElo "1062"]

1. e4 e5 2. Nf3 Nc6 3. Bc4 Bc5 4. Nc3 d6 5. h3 Nf6 6. d3 h6 7. O-O O-O 8. Be3
Bb6 9. Nd5 Be6 10. Qd2 Bxd5 11. exd5 Ne7 12. Bxh6 gxh6 13. Qxh6 Nh7 14. Nh4 f5
15. Kh1 Rf6 16. Qh5 Qe8 17. Qxe8+ Rxe8 18. f4 e4 19. dxe4 fxe4 20. Rae1 Rh6 21.
g3 Nf6 22. Kh2 Kh8 23. Ng2 Ng4+ 24. Kh1 Rxh3#  0-1

[Event "Eliminacje strefowe do OOM OP/SL - C13"]
[Site "OW Sudety Pokrzywna"]
[Date "2023.??.??"]
[Round "3.8"]
[White "Swiderski, Piotr"]
[Black "Biela, Jan"]
[Result "0-1"]
[BlackElo "1158"]
[EventDate "2023.??.??"]
[PlyCount "74"]
[WhiteElo "1096"]

1. e4 c5 2. Nf3 g6 3. d4 cxd4 4. Qxd4 Nf6 5. e5 Nc6 6. Qf4 Nd5 7. Qe4 e6 8. Bc4
Nb6 9. Bb3 d5 10. Qd3 Qc7 11. Bf4 Bg7 12. Qe3 Nd7 13. Nbd2 Qb6 14. Qe2 Nd4 15.
Qe3 Nxf3+ 16. Nxf3 Qxe3+ 17. fxe3 Nc5 18. Nd2 Bd7 19. c3 Nd3+ 20. Ke2 Nxe5 21.
e4 Bb5+ 22. Kd1 Nd3 23. Be3 Nxb2+ 24. Kc2 Nc4 25. exd5 Nxe3+ 26. Kc1 Nxd5 27.
Bxd5 exd5 28. Re1+ Kd7 29. Rb1 Bc6 30. Rf1 Rhf8 31. c4 Bh6 32. cxd5 Bxd2+ 33.
Kxd2 Bxd5 34. Rf2 Bc6 35. Rbf1 Rad8 36. Rxf7+ Rxf7 37. Rxf7+ Ke6+  0-1

[Event "Eliminacje strefowe do OOM OP/SL - C13"]
[Site "OW Sudety Pokrzywna"]
[Date "2023.??.??"]
[Round "4.1"]
[White "Brzezina, Piotr"]
[Black "Pycinski, Wladyslaw"]
[Result "1/2-1/2"]
[BlackElo "2091"]
[EventDate "2023.??.??"]
[PlyCount "67"]
[WhiteElo "2038"]

1. d4 d5 2. c4 e6 3. Nf3 c5 4. cxd5 exd5 5. Nc3 Nc6 6. Bg5 Be7 7. Bxe7 Ngxe7 8.
e3 cxd4 9. Nxd4 O-O 10. Nxc6 bxc6 11. Bd3 Bf5 12. O-O Rb8 13. b3 d4 14. Bxf5
Nxf5 15. exd4 Nxd4 16. Ne2 Ne6 17. Qxd8 Rfxd8 18. Rfd1 Kf8 19. f3 Ke7 20. Kf2
Rd6 21. Ng3 Rxd1 22. Rxd1 g6 23. Ne2 h5 24. Nd4 Nxd4 25. Rxd4 Rb5 26. Ra4 a5
27. Ke3 Rc5 28. Rc4 Rxc4 29. bxc4 Kd6 30. Kd4 c5+ 31. Ke4 Ke6 32. g4 hxg4 33.
fxg4 g5 34. a4  1/2-1/2

[Event "Eliminacje strefowe do OOM OP/SL - C13"]
[Site "OW Sudety Pokrzywna"]
[Date "2023.??.??"]
[Round "4.2"]
[White "Staniczek, Kacper"]
[Black "Oles, Mateusz"]
[Result "1/2-1/2"]
[BlackElo "1502"]
[EventDate "2023.??.??"]
[PlyCount "68"]
[WhiteElo "1518"]

1. e4 c5 2. Nf3 Nc6 3. d4 cxd4 4. Nxd4 g6 5. Nc3 Bg7 6. Be3 Nf6 7. Bc4 O-O 8.
Bb3 Re8 9. O-O d6 10. h3 Na5 11. Re1 a6 12. Qd3 b5 13. Nd5 Bb7 14. Nxf6+ Bxf6
15. c3 Rc8 16. Nc2 Nc4 17. Rab1 Qc7 18. Bxc4 Qxc4 19. Qxc4 Rxc4 20. f3 Rec8 21.
Bd2 Kf8 22. Ne3 R4c7 23. Ng4 Bg7 24. Bh6 Bxh6 25. Nxh6 a5 26. e5 dxe5 27. Rxe5
Rc5 28. Rbe1 R8c7 29. Ng4 h5 30. Nf2 e6 31. Nd3 Rd5 32. Nf4 Rdc5 33. Rxc5 Rxc5
34. Kf2 Ke7  1/2-1/2

[Event "Eliminacje strefowe do OOM OP/SL - C13"]
[Site "OW Sudety Pokrzywna"]
[Date "2023.??.??"]
[Round "4.3"]
[White "Swoboda, Wojciech"]
[Black "Pawleta, Mateusz"]
[Result "0-1"]
[BlackElo "1433"]
[EventDate "2023.??.??"]
[PlyCount "72"]
[WhiteElo "1239"]

1. e4 c5 2. Nf3 e6 3. d4 cxd4 4. Nxd4 a6 5. Bd3 Nf6 6. e5 Qa5+ 7. Nc3 Qxe5+ 8.
Be3 d5 9. O-O Be7 10. Re1 Qc7 11. f4 Nc6 12. Nce2 Bc5 13. Qd2 Qb6 14. c3 Qa7
15. b4 Bb6 16. a4 a5 17. b5 Nxd4 18. Nxd4 O-O 19. Qe2 Re8 20. Qf3 Bd7 21. Kh1
Rac8 22. Rac1 Kh8 23. h3 e5 24. fxe5 Rxe5 25. Bh6 Rxe1+ 26. Rxe1 Bxd4 27. cxd4
Qxd4 28. Bg5 Be6 29. Bf5 Rc3 30. Qe2 h6 31. Bxe6 fxe6 32. Qxe6 hxg5 33. Qf7 Qh4
34. Rf1 g4 35. Qf8+ Kh7 36. Qf7 gxh3  0-1